Byzantium : (Record no. 125014)
[ view plain ]
| 000 -LEADER | |
|---|---|
| fixed length control field | 01048cam a2200325 a 4500 |
| 001 - CONTROL NUMBER | |
| control field | 6306532 |
| 003 - CONTROL NUMBER IDENTIFIER | |
| control field | ARRUPE |
| 005 - DATE AND TIME OF LATEST TRANSACTION | |
| control field | 20160816104235.0 |
| 008 - FIXED-LENGTH DATA ELEMENTS--GENERAL INFORMATION | |
| fixed length control field | 070522s2007 enkabf b 001 0 eng |
| 015 ## - NATIONAL BIBLIOGRAPHY NUMBER | |
| National bibliography number | GBA741242 |
| Source | bnb |
| 016 7# - NATIONAL BIBLIOGRAPHIC AGENCY CONTROL NUMBER | |
| Record control number | 013756051 |
| Source | Uk |
| 020 ## - INTERNATIONAL STANDARD BOOK NUMBER | |
| International Standard Book Number | 9780713999976 (hbk.) |
| 020 ## - INTERNATIONAL STANDARD BOOK NUMBER | |
| International Standard Book Number | 0713999977 (hbk.) |
| 035 ## - SYSTEM CONTROL NUMBER | |
| System control number | (OCoLC)137313224 |
| 035 ## - SYSTEM CONTROL NUMBER | |
| System control number | (OCoLC)ocn137313224 |
| 035 ## - SYSTEM CONTROL NUMBER | |
| System control number | (DLC)OCN137313224 |
| 035 ## - SYSTEM CONTROL NUMBER | |
| System control number | (NNC)6306532 |
| 040 ## - CATALOGING SOURCE | |
| Original cataloging agency | UKM |
| Transcribing agency | UKM |
| Modifying agency | BTCTA |
| -- | YDXCP |
| -- | BWKUK |
| -- | BWK |
| -- | IUL |
| 050 #4 - LIBRARY OF CONGRESS CALL NUMBER | |
| Classification number | DF552 |
| Item number | .H47 2007 |
| 082 04 - DEWEY DECIMAL CLASSIFICATION NUMBER | |
| Classification number | 949.502 |
| Edition number | 22 |
| 300 ## - PHYSICAL DESCRIPTION | |
| Other physical details | ill. (some col.), maps ; |
| Dimensions | 25 cm. |
| 100 1# - MAIN ENTRY--PERSONAL NAME | |
| Personal name | Herrin, Judith. |
| 9 (RLIN) | 25060 |
| 245 10 - TITLE STATEMENT | |
| Title | Byzantium : |
| Remainder of title | the surprising life of a medieval empire / |
| Statement of responsibility, etc | Judith Herrin. |
| 260 ## - PUBLICATION, DISTRIBUTION, ETC. (IMPRINT) | |
| Place of publication, distribution, etc | London ; |
| -- | New York : |
| Name of publisher, distributor, etc | Penguin Books, |
| Date of publication, distribution, etc | 2008. |
| 300 ## - PHYSICAL DESCRIPTION | |
| Extent | xxiii, 391 p., [24] p. of plates : |
| 504 ## - BIBLIOGRAPHY, ETC. NOTE | |
| Bibliography, etc | Includes bibliographical references (p. 339-353) and index. |
| 651 #0 - SUBJECT ADDED ENTRY--GEOGRAPHIC NAME | |
| Geographic name | Byzantine Empire |
| General subdivision | History. |
| 9 (RLIN) | 25061 |
| 942 ## - ADDED ENTRY ELEMENTS (KOHA) | |
| Source of classification or shelving scheme | Library of Congress Classification |
| Koha item type | Monograph ( Printed materials) |
| 948 1# - LOCAL PROCESSING INFORMATION (OCLC); SERIES PART DESIGNATOR (RLIN) | |
| Series part designator, SPT (RLIN) | 20071024 |
| b (OCLC) | c |
| c (OCLC) | rad1 |
| d (OCLC) | MPS |
| Withdrawn status | Lost status | Source of classification or shelving scheme | Damaged status | Not for loan | Collection code | Home library | Current library | Shelving location | Date acquired | Total Checkouts | Full call number | Barcode | Date last seen | Price effective from | Koha item type |
|---|---|---|---|---|---|---|---|---|---|---|---|---|---|---|---|
| Library of Congress Classification | Main Collection | ARRUPE LIBRARY | ARRUPE LIBRARY | Main Collection | 16/08/2016 | DF505 .H567 2008 | 46500010389 | 22/11/2017 | 16/08/2016 | Monograph ( Printed materials) |